000 00424 a2200157 4500
999 _c4000
_d4000
020 _a0521824737
050 _aKZ3275 SHA 2003
100 _aShaw, M. N.
_eauthor
245 _aInternational law/
_cMalcolm N. Shaw
250 _a5th ed.
264 _aCambridge
_bCambridge University Press
_c2003
300 _a1288p.:
500 _aInternational law
650 _aInternational law
942 _2lcc
_cBK
_e5th ed.
_h3275
_iSHA
_kKZ